[Event "III Liga KPZSzach - Sezon 2016/2017"]
[Site "Wojewodztwo Kujawsko-Pomorskie"]
[Date "2017.??.??"]
[Round "4.1"]
[White "Baumann, Dariusz"]
[Black "Bieluszewski, Robert"]
[Result "1-0"]
[WhiteElo "2074"]
[BlackElo "1859"]
[PlyCount "127"]
[EventDate "2017.??.??"]

1. d4 d5 2. c4 e6 3. Nf3 Nf6 4. g3 b6 5. Bg2 Bb7 6. O-O Be7 7. cxd5 Bxd5 8. Nc3
Bb7 9. Qc2 O-O 10. e4 Nbd7 11. Bf4 a6 12. Rad1 Qc8 13. Rfe1 b5 14. a3 Nb6 15.
h3 Re8 16. b4 Nc4 17. Qb3 c6 18. a4 Nd7 19. a5 Bf8 20. e5 Qd8 21. Ne4 f5 22.
Ned2 Nxd2 23. Rxd2 h6 24. h4 Qe7 25. Rb1 Rad8 26. Rc2 Rc8 27. Qe3 c5 28. dxc5
Be4 29. Rbc1 Bxc2 30. Rxc2 Nxc5 31. bxc5 Rxc5 32. Rxc5 Qxc5 33. Nd4 b4 34. Nb3
Qc8 35. Qb6 Qc4 36. Bc6 Rc8 37. Bd7 Kf7 38. Bxc8 Qxc8 39. Be3 g5 40. hxg5 hxg5
41. Bc5 Bg7 42. Qd6 f4 43. Bxb4 fxg3 44. fxg3 g4 45. Qe7+ Kg8 46. Nc5 Bf8 47.
Qg5+ Kf7 48. Qh5+ Kg8 49. Qxg4+ Kf7 50. Qh5+ Kg7 51. Qg5+ Kh7 52. Qe3 Kh8 53.
Nd3 Bg7 54. Bc5 Qb7 55. Nf4 Qb1+ 56. Kg2 Qb7+ 57. Kh2 Qb2+ 58. Kh3 Qb1 59. Qd3
Qa1 60. Qd8+ Kh7 61. Qd3+ Kh8 62. Ng6+ Kg8 63. Ne7+ Kh8 64. Qd8+ 1-0

[Event "III Liga KPZSzach - Sezon 2016/2017"]
[Site "Wojewodztwo Kujawsko-Pomorskie"]
[Date "2017.??.??"]
[Round "4.2"]
[White "Luchowski, Ferdynand"]
[Black "Kulinski, Krzysztof"]
[Result "0-1"]
[WhiteElo "1579"]
[BlackElo "2064"]
[PlyCount "110"]
[EventDate "2017.??.??"]

1. Nf3 Nf6 2. d4 g6 3. c4 Bg7 4. Nc3 d5 5. e3 O-O 6. Be2 Na6 7. a3 c5 8. O-O
Bf5 9. Bd3 dxc4 10. Bxc4 Rc8 11. Bd3 Bg4 12. Be2 cxd4 13. exd4 Nd5 14. Nxd5
Qxd5 15. Be3 Rfd8 16. Rc1 Nc7 17. h3 Bf5 18. Bc4 Qd6 19. Qb3 Ne6 20. Rfd1 b6
21. d5 Nc5 22. Qa2 Be4 23. Ne1 Qf6 24. Bd4 e5 25. Bxc5 Rxc5 26. b4 Rc7 27. f3
Bf5 28. g4 Bc8 29. Kg2 Bh6 30. Rc2 Qd6 31. Bb5 Bb7 32. Rxc7 Qxc7 33. Bc4 Rd6
34. Bb3 Qd8 35. b5 Bf4 36. a4 Be3 37. Rd3 Bd4 38. Nc2 Bxd5 39. Bxd5 Rxd5 40.
Qc4 Rc5 41. Qb3 Qf6 42. Nxd4 exd4 43. Qd1 Rc4 44. Kg3 g5 45. Kg2 Qf4 46. Rd2 h6
47. Rc2 Rc3 48. Rd2 Rxf3 49. Qxf3 Qxd2+ 50. Kg3 d3 51. Qa8+ Kg7 52. Qd5 Qe1+
53. Kg2 Qe2+ 54. Kh1 d2 55. Qd4+ Kh7 0-1

[Event "III Liga KPZSzach - Sezon 2016/2017"]
[Site "Wojewodztwo Kujawsko-Pomorskie"]
[Date "2017.??.??"]
[Round "4.3"]
[White "Cichocki, Konrad"]
[Black "Bieluszewski, Lukasz"]
[Result "1-0"]
[WhiteElo "1825"]
[BlackElo "1646"]
[PlyCount "65"]
[EventDate "2017.??.??"]

1. c4 e5 2. Nc3 Nf6 3. g3 Bc5 4. e3 d6 5. Bg2 O-O 6. Nge2 c6 7. O-O Be6 8. d4
exd4 9. exd4 Bb6 10. d5 Bg4 11. h3 Bd7 12. Bf4 Bc7 13. dxc6 Bxc6 14. Nd4 Bxg2
15. Kxg2 a6 16. Qf3 Qc8 17. Nd5 Nxd5 18. Qxd5 g6 19. Rfe1 Nd7 20. Bh6 Nb6 21.
Qf3 Qd8 22. Bxf8 Qxf8 23. Qxb7 Rc8 24. Nc6 Bd8 25. b3 Kg7 26. Nxd8 Qxd8 27. Re7
Qf8 28. Rae1 Rb8 29. Rxf7+ Qxf7 30. Qxb8 Nd7 31. Qxd6 Qf5 32. Re7+ Kh6 33. Qxd7
1-0

[Event "III Liga KPZSzach - Sezon 2016/2017"]
[Site "Wojewodztwo Kujawsko-Pomorskie"]
[Date "2017.??.??"]
[Round "4.6"]
[White "Sliwicki, Damian"]
[Black "Gawronski, Miroslaw"]
[Result "0-1"]
[WhiteElo "2109"]
[BlackElo "2066"]
[PlyCount "108"]
[EventDate "2017.??.??"]

1. e4 d6 2. d4 Nf6 3. Nc3 c6 4. Nf3 Qc7 5. Be2 e5 6. O-O Be7 7. h3 Nbd7 8. Be3
Nf8 9. b4 a6 10. Re1 Ng6 11. Bf1 O-O 12. Rb1 b5 13. a4 Bb7 14. g4 Rfd8 15. Bg2
Rac8 16. Qe2 Bf8 17. Nd2 d5 18. a5 exd4 19. Bxd4 Nf4 20. Qe3 Nd7 21. exd5 Nxg2
22. Kxg2 c5 23. bxc5 Nxc5 24. f3 Bxd5 25. Nxd5 Rxd5 26. c3 Ne6 27. Be5 Qxa5 28.
Ra1 Qd8 29. Nb3 Rd3 30. Qe2 Rdxc3 31. Rad1 Qg5 32. Na1 Nf4+ 33. Bxf4 Qxf4 34.
Qf2 Bd6 35. Rh1 R3c4 36. Rd5 g6 37. h4 R8c5 38. Rd2 h6 39. Nb3 Rc8 40. h5 Bb4
41. Re2 g5 42. Nd2 Bxd2 43. Rxd2 Qxd2 44. Qxd2 Rc2 45. Rd1 a5 46. Kf2 a4 47.
Ke1 Rxd2 48. Rxd2 Rc1+ 49. Ke2 a3 50. Rd8+ Kg7 51. Ra8 b4 52. Kd2 Rc3 53. Ra4
Rxf3 54. Rxb4 Rf4 0-1

[Event "III Liga KPZSzach - Sezon 2016/2017"]
[Site "Wojewodztwo Kujawsko-Pomorskie"]
[Date "2017.??.??"]
[Round "4.7"]
[White "Kwiatkowski, Jacek"]
[Black "Jablonski, Miroslaw"]
[Result "0-1"]
[WhiteElo "1822"]
[BlackElo "1939"]
[PlyCount "90"]
[EventDate "2017.??.??"]

1. d4 d5 2. Nf3 Nf6 3. e3 e6 4. Bd3 b6 5. Nbd2 Bb7 6. O-O Nbd7 7. Qe2 Bd6 8. b3
Ne4 9. Bb2 O-O 10. Ne5 f6 11. Nxd7 Qxd7 12. f3 Nxd2 13. Qxd2 c5 14. Rad1 Qc7
15. f4 c4 16. Be2 Rac8 17. Qe1 b5 18. Bf3 c3 19. Bc1 f5 20. a3 a5 21. Kh1 Qe7
22. Be2 Ba6 23. a4 Qb7 24. axb5 Bxb5 25. Bxb5 Qxb5 26. Rd3 Bb4 27. g4 a4 28.
bxa4 Qxa4 29. Rf2 Qc6 30. Rg2 Ra8 31. Qg3 Ra1 32. Rd1 g6 33. Rgg1 Qa4 34. gxf5
exf5 35. Qf3 Qd7 36. Rdf1 Qe6 37. h4 Qe4 38. h5 Qxf3+ 39. Rxf3 Rf6 40. Rfg3 Kf7
41. Kh2 Bf8 42. Kh3 Bh6 43. Kh4 gxh5 44. Kxh5 Bf8 45. Kg5 Ke6 0-1

[Event "III Liga KPZSzach - Sezon 2016/2017"]
[Site "Wojewodztwo Kujawsko-Pomorskie"]
[Date "2017.??.??"]
[Round "4.8"]
[White "Darowicki, Mariusz"]
[Black "Chodorowski, Dawid"]
[Result "1-0"]
[WhiteElo "1926"]
[BlackElo "1872"]
[PlyCount "131"]
[EventDate "2017.??.??"]

1. d4 g6 2. e4 Bg7 3. Nf3 c5 4. dxc5 Qa5+ 5. c3 Qxc5 6. Be3 Qa5 7. Nbd2 d6 8.
Bd3 Nc6 9. Nc4 Qc7 10. Rc1 Nf6 11. O-O O-O 12. Nd4 Ng4 13. Nb5 Qb8 14. Bf4 Nge5
15. Be2 Nxc4 16. Bxc4 a6 17. Nd4 Na5 18. Be2 e5 19. b4 exf4 20. bxa5 b5 21.
axb6 Qxb6 22. Rb1 Qc5 23. Qd2 Be5 24. Rfc1 Ra7 25. Rb4 Bd7 26. Nb3 Qc7 27. Rc4
Qb6 28. Nd4 Rb8 29. Rb4 Qc7 30. Rcb1 Rc8 31. c4 Bc6 32. Nxc6 Qxc6 33. Qd5 Qxd5
34. exd5 Rc5 35. Ra4 h5 36. Kf1 Bd4 37. Bd3 Kg7 38. Ra3 Rcc7 39. Rb8 Re7 40.
Rc8 Rab7 41. Rb3 a5 42. Rc6 Bc5 43. Rb5 Bb4 44. Be2 Rxb5 45. cxb5 Kf6 46. b6
Rb7 47. Ba6 Re7 48. Rc1 Bc5 49. b7 Re8 50. Bb5 Rb8 51. Bc6 Bd4 52. Ke2 Ke7 53.
Kd3 Bc5 54. Re1+ Kd8 55. Re8+ Kc7 56. Re7+ Kb6 57. Rxf7 Bxf2 58. Rxf4 Bg1 59.
h3 Bh2 60. Rf1 Be5 61. Rb1+ Ka6 62. a4 g5 63. Ke4 h4 64. Kf5 Bf4 65. Ke6 Ka7
66. Kd7 1-0

[Event "III Liga KPZSzach - Sezon 2016/2017"]
[Site "Wojewodztwo Kujawsko-Pomorskie"]
[Date "2017.??.??"]
[Round "4.9"]
[White "Czarnolewski, Piotr"]
[Black "Budnik, Mateusz"]
[Result "1-0"]
[WhiteElo "1663"]
[BlackElo "1991"]
[PlyCount "141"]
[EventDate "2017.??.??"]

1. e4 c5 2. Nf3 e6 3. d3 d6 4. g3 Nf6 5. Bg2 Be7 6. O-O O-O 7. Nbd2 Qc7 8. a4
Nc6 9. Re1 Bd7 10. b3 Rad8 11. Bb2 e5 12. Nc4 Nd4 13. Ne3 h6 14. Nd2 Be6 15. c3
Nc6 16. c4 Nb4 17. Nb1 Qd7 18. Nc3 a6 19. Ncd5 Nfxd5 20. cxd5 Bh3 21. Bc3 Bxg2
22. Kxg2 a5 23. Nf5 Kh7 24. Qd2 Rg8 25. h4 Bf8 26. Bxb4 axb4 27. Qe2 g6 28. Ne3
Bg7 29. Ra2 Rdf8 30. g4 Bh8 31. g5 f5 32. f3 Rf7 33. Rh1 fxe4 34. fxe4 Rgf8 35.
Qg4 Qe8 36. h5 Rf4 37. hxg6+ Qxg6 38. Rxh6+ Qxh6 39. gxh6 Rxg4+ 40. Nxg4 Rf4
41. Ne3 Rf6 42. Nf5 Rg6+ 43. Kf1 Bf6 44. Rg2 Bg5 45. Ke2 b6 46. Nxd6 Rxd6 47.
Rxg5 Rxh6 48. Rxe5 Rh2+ 49. Ke3 Rh3+ 50. Kf4 Rxd3 51. Re7+ Kg6 52. Re6+ Kf7 53.
Rxb6 Rxb3 54. Ke5 Ra3 55. Rb7+ Kf8 56. Kd6 Rxa4 57. Kxc5 b3 58. e5 Ra5+ 59. Kc4
Ra4+ 60. Kc3 Re4 61. e6 Re3+ 62. Kd4 Rh3 63. d6 Rh6 64. Ke5 Rh5+ 65. Kf6 Rh6+
66. Kf5 Rh1 67. Rb8+ Kg7 68. d7 Rf1+ 69. Ke5 Re1+ 70. Kd6 b2 71. Rxb2 1-0

[Event "III Liga KPZSzach - Sezon 2016/2017"]
[Site "Wojewodztwo Kujawsko-Pomorskie"]
[Date "2017.??.??"]
[Round "4.10"]
[White "Sivickis, Wiktoria"]
[Black "Budkiewicz, Lucyna"]
[Result "1/2-1/2"]
[WhiteElo "1448"]
[BlackElo "1452"]
[PlyCount "62"]
[EventDate "2017.??.??"]

1. d4 d5 2. c4 e6 3. Nc3 Nf6 4. Bg5 Be7 5. e3 Nbd7 6. Nf3 c5 7. Bf4 a6 8. Ne5
Qb6 9. Qd2 cxd4 10. exd4 Bb4 11. f3 O-O 12. Bd3 Kh8 13. c5 Qd8 14. Rc1 Nxe5 15.
Bxe5 Nd7 16. Bg3 Qf6 17. Qf4 Qxf4 18. Bxf4 e5 19. Bd2 exd4 20. Nxd5 Bxc5 21.
Bf5 Bd6 22. Bxd7 Bxd7 23. Nb6 Rad8 24. Nxd7 Rxd7 25. O-O b6 26. Rc6 Rb8 27. Re1
h6 28. Re4 a5 29. Rxd6 Rxd6 30. Bf4 Rbd8 31. Bxd6 Rxd6 1/2-1/2

[Event "III Liga KPZSzach - Sezon 2016/2017"]
[Site "Wojewodztwo Kujawsko-Pomorskie"]
[Date "2017.??.??"]
[Round "4.11"]
[White "Szybowicz, Piotr"]
[Black "Jaroch, Karol"]
[Result "0-1"]
[WhiteElo "1934"]
[BlackElo "2247"]
[PlyCount "112"]
[EventDate "2017.??.??"]

1. d4 e6 2. b3 Nf6 3. Bb2 b6 4. c4 Bb7 5. Nf3 Bb4+ 6. Nc3 Qe7 7. a3 Bxc3+ 8.
Bxc3 d6 9. e3 Nbd7 10. Be2 g5 11. h3 O-O-O 12. Qc2 Ne4 13. Bb2 f5 14. Bd3 Rhf8
15. O-O-O Ndf6 16. Nh2 h5 17. f3 Ng3 18. Rhe1 Kb8 19. Nf1 Nxf1 20. Rxf1 h4 21.
Kb1 Nh5 22. Ka2 Ng3 23. Rfe1 e5 24. dxe5 dxe5 25. e4 fxe4 26. Bxe4 Rxd1 27.
Qxd1 Nxe4 28. fxe4 Rf4 29. Qd3 Qd6 30. Qc2 Qf6 31. Re2 g4 32. Bc1 Rf1 33. hxg4
Qe6 34. g5 Qg4 35. Kb2 Bc6 36. Qd3 Kb7 37. a4 a6 38. Qc2 Rg1 39. a5 bxa5 40.
Kb1 Qxg5 41. Kb2 Qg4 42. Kb1 Qd7 43. Rd2 Qh7 44. Re2 Rxg2 45. Bb2 Rxe2 46. Qxe2
Qxe4+ 47. Qxe4 Bxe4+ 48. Kc1 h3 49. Bxe5 c5 50. Kd2 Kc6 51. Kc3 Kd7 52. Kb2 Ke6
53. Bc7 Kf5 54. Ka3 Bc6 55. Kb2 Ke4 56. Ka3 Kf3 0-1

[Event "III Liga KPZSzach - Sezon 2016/2017"]
[Site "Wojewodztwo Kujawsko-Pomorskie"]
[Date "2017.??.??"]
[Round "4.12"]
[White "Szatkowski, Pawel"]
[Black "Wargulec, Dariusz"]
[Result "0-1"]
[WhiteElo "1243"]
[BlackElo "1934"]
[PlyCount "98"]
[EventDate "2017.??.??"]

1. e4 d5 2. exd5 Qxd5 3. Nc3 Qa5 4. d4 Nf6 5. Bd2 c6 6. Nf3 Qc7 7. h3 Bf5 8.
Bc4 e6 9. a3 Nbd7 10. O-O h6 11. Re1 O-O-O 12. Ne5 Nb6 13. Be3 Bd6 14. Qe2 Bxe5
15. dxe5 Qxe5 16. Bxb6 Qxe2 17. Rxe2 axb6 18. b4 Rd4 19. Bb3 Rhd8 20. b5 Ne4
21. Nxe4 Rxe4 22. Rxe4 Bxe4 23. bxc6 bxc6 24. c4 Rd2 25. Rc1 c5 26. f3 Bd3 27.
Rc3 e5 28. Ba4 f5 29. Bc6 e4 30. fxe4 fxe4 31. Rc1 Kc7 32. Bd5 Kd6 33. Re1 Ke5
34. Kh2 Ra2 35. Re3 Kd4 36. Re1 Rxa3 37. Rd1 b5 38. Be6 bxc4 39. Bg4 c3 40. Rc1
c2 41. Kg1 Kc3 42. Kf2 Kb2 43. Rxc2+ Kxc2 44. Kg3 Be2+ 45. Kh4 Bxg4 46. Kxg4 e3
47. h4 e2 48. Kh5 e1=Q 49. g4 Qe8# 0-1

[Event "III Liga KPZSzach - Sezon 2016/2017"]
[Site "Wojewodztwo Kujawsko-Pomorskie"]
[Date "2017.??.??"]
[Round "4.13"]
[White "Kadukowski, Pawel"]
[Black "Kozlowski, Michal"]
[Result "1-0"]
[WhiteElo "1766"]
[BlackElo "1259"]
[PlyCount "69"]
[EventDate "2017.??.??"]

1. Nf3 d5 2. d4 e6 3. Bf4 Nf6 4. Nbd2 Bd6 5. Ne5 Nfd7 6. e3 Nxe5 7. dxe5 Be7 8.
Qg4 g5 9. Bg3 h5 10. Qa4+ Qd7 11. Qxd7+ Nxd7 12. f4 g4 13. h3 Rg8 14. hxg4 hxg4
15. Nb3 b6 16. Be2 Bb7 17. O-O-O O-O-O 18. Bh4 Bxh4 19. Rxh4 g3 20. Bf3 Rg7 21.
Rdh1 Nf8 22. R1h3 c5 23. c3 Nd7 24. Rh7 Rxh7 25. Rxh7 Rf8 26. Rg7 c4 27. Nd4 a6
28. Rxg3 b5 29. b4 cxb3 30. axb3 Kd8 31. Rg7 Nb6 32. Bh5 Ke8 33. Nxe6 Rh8 34.
g4 Bc8 35. Ng5 1-0

[Event "III Liga KPZSzach - Sezon 2016/2017"]
[Site "Wojewodztwo Kujawsko-Pomorskie"]
[Date "2017.??.??"]
[Round "4.14"]
[White "Zygadlo, Kajetan"]
[Black "Bialas, Jerzy"]
[Result "1/2-1/2"]
[WhiteElo "1392"]
[BlackElo "1667"]
[PlyCount "66"]
[EventDate "2017.??.??"]

1. e4 d5 2. exd5 Nf6 3. d4 Nxd5 4. Bc4 Nf6 5. Nc3 Bg4 6. f3 Bh5 7. Be3 e6 8.
Nge2 Nbd7 9. Qd2 Nb6 10. Bb3 Be7 11. Nf4 Bg6 12. Nxg6 hxg6 13. O-O-O Qd7 14. h3
Nfd5 15. Nxd5 Nxd5 16. Bxd5 Qxd5 17. Kb1 O-O-O 18. Qc3 Bf6 19. Qc5 Qxc5 20.
dxc5 Rxd1+ 21. Rxd1 Rd8 22. Rxd8+ Kxd8 23. c3 Kd7 24. Kc2 Be7 25. Kd3 g5 26. b4
f5 27. Bd4 g6 28. a4 a6 29. a5 Bd8 30. Be3 e5 31. c4 c6 32. Bd2 Ke6 33. Be3 Kd7
1/2-1/2

[Event "III Liga KPZSzach - Sezon 2016/2017"]
[Site "Wojewodztwo Kujawsko-Pomorskie"]
[Date "2017.??.??"]
[Round "4.16"]
[White "Kacprzak, Karol"]
[Black "Stasiak, Tomasz"]
[Result "1/2-1/2"]
[WhiteElo "1538"]
[BlackElo "1637"]
[PlyCount "77"]
[EventDate "2017.??.??"]

1. e4 c5 2. Nf3 Nc6 3. d4 cxd4 4. Nxd4 g6 5. c4 Bg7 6. Be3 d6 7. Nc3 Nf6 8. Be2
O-O 9. O-O a6 10. f3 Qb6 11. Nf5 Qxb2 12. Na4 Qa3 13. Bc1 Qb4 14. Bd2 Qa3 15.
Nxg7 Kxg7 16. Bc1 Qb4 17. Be3 Nd7 18. Bd2 Qa3 19. Rb1 Kg8 20. Bc1 Qxa2 21. Bb2
Nc5 22. Nxc5 dxc5 23. Bc3 Nd4 24. Bd3 Rb8 25. Rb6 Bd7 26. Qe1 Be6 27. Qe3 Bxc4
28. Ra1 Nc2 29. Bxc2 Qxc2 30. Rc1 Qd3 31. Qxc5 Rfc8 32. Rxb7 h5 33. Rxb8 Rxb8
34. Qd4 Qxd4+ 35. Bxd4 Bb5 36. Rc7 e6 37. Ra7 Kf8 38. Bc5+ Kg8 39. Bd4 1/2-1/2

[Event "III Liga KPZSzach - Sezon 2016/2017"]
[Site "Wojewodztwo Kujawsko-Pomorskie"]
[Date "2017.??.??"]
[Round "4.17"]
[White "Winkler, Bogdan"]
[Black "Wloch, Mikolaj"]
[Result "0-1"]
[WhiteElo "1532"]
[BlackElo "1600"]
[PlyCount "64"]
[EventDate "2017.??.??"]

1. Nf3 d5 2. d4 Bf5 3. Bf4 Nc6 4. a3 Nf6 5. e3 a6 6. c4 e6 7. Nc3 dxc4 8. Bxc4
Bd6 9. Bg5 h6 10. Bh4 Bg4 11. Rc1 Be7 12. h3 Bh5 13. Be2 O-O 14. Bxf6 Bxf6 15.
O-O Kh8 16. Nh2 Bxe2 17. Qxe2 Ne7 18. Rfd1 Nd5 19. Ne4 Be7 20. Rc2 c6 21. Rdc1
Qb6 22. Nc5 Bxc5 23. dxc5 Qc7 24. Ng4 Rfd8 25. Qf3 Rd7 26. g3 Rad8 27. e4 Ne7
28. Qxf7 Nf5 29. Qg6 Nxg3 30. Kg2 Qf4 31. fxg3 Rd2+ 32. Rxd2 Rxd2+ 0-1

[Event "III Liga KPZSzach - Sezon 2016/2017"]
[Site "Wojewodztwo Kujawsko-Pomorskie"]
[Date "2017.??.??"]
[Round "4.18"]
[White "Paprocki, Stanislaw"]
[Black "Mazur, Stanislaw"]
[Result "0-1"]
[WhiteElo "1518"]
[BlackElo "1741"]
[PlyCount "96"]
[EventDate "2017.??.??"]

1. e4 c6 2. d4 d5 3. e5 Bf5 4. g4 Bd7 5. Bg2 e6 6. Ne2 c5 7. c3 Nc6 8. O-O g6
9. Be3 Qb6 10. Qd2 cxd4 11. cxd4 Bb4 12. Nbc3 h5 13. h3 hxg4 14. hxg4 Qd8 15.
Bg5 Be7 16. Bxe7 Qxe7 17. g5 a6 18. Rac1 Qb4 19. a3 Qa5 20. b4 Qd8 21. b5 Na5
22. bxa6 bxa6 23. Ng3 Nb3 24. Qf4 Nxc1 25. Rxc1 Rc8 26. Bf1 Qa5 27. Qe3 Ne7 28.
a4 Nf5 29. Nxf5 gxf5 30. Bg2 f4 31. Qd3 Rg8 32. Qh7 Ke7 33. g6 Rxg6 34. Qh4+
Kf8 35. Qh8+ Rg8 36. Qh6+ Ke8 37. Qh7 Rf8 38. Qd3 Bxa4 39. Kh2 Rh8+ 40. Bh3 Bd7
41. Kg2 Bb5 42. Nxb5 Rxc1 43. Nd6+ Kf8 44. Qf3 Rh4 45. Qb3 Qd8 46. f3 Qg5+ 47.
Bg4 Rxg4+ 48. fxg4 Qxg4+ 0-1

[Event "III Liga KPZSzach - Sezon 2016/2017"]
[Site "Wojewodztwo Kujawsko-Pomorskie"]
[Date "2017.??.??"]
[Round "4.19"]
[White "Bialkowski, Jozef"]
[Black "Kacprzak, Kacper"]
[Result "0-1"]
[WhiteElo "1593"]
[BlackElo "1574"]
[PlyCount "84"]
[EventDate "2017.??.??"]

1. d4 Nf6 2. c4 c5 3. d5 b5 4. e3 bxc4 5. Bxc4 d6 6. Nc3 g6 7. e4 Bg7 8. Nge2
O-O 9. O-O a5 10. Ng3 Ba6 11. Bxa6 Nxa6 12. Qe2 Nd7 13. f4 Nb4 14. a3 Bd4+ 15.
Kh1 Na6 16. Nb5 Bg7 17. f5 Qb6 18. Nc3 Ne5 19. Rb1 Rab8 20. Be3 Nc7 21. h4 Qb3
22. h5 Nc4 23. fxg6 fxg6 24. Rxf8+ Rxf8 25. Qe1 Nxa3 26. bxa3 Qxc3 27. Qxc3
Bxc3 28. Rb7 Be5 29. Kh2 Rc8 30. hxg6 hxg6 31. Kh3 Kf7 32. Bd2 Ne8 33. Kg4 Nf6+
34. Kf3 Bxg3 35. Bxa5 Ra8 36. Rb5 Be5 37. a4 c4 38. g4 g5 39. Bd2 Rxa4 40. Bxg5
Ra3+ 41. Ke2 Nxe4 42. Bh6 Nc3+ 0-1

[Event "III Liga KPZSzach - Sezon 2016/2017"]
[Site "Wojewodztwo Kujawsko-Pomorskie"]
[Date "2017.??.??"]
[Round "4.20"]
[White "Wloch, Dominika"]
[Black "Berezowska, Patrycja"]
[Result "1/2-1/2"]
[WhiteElo "1178"]
[BlackElo "1363"]
[PlyCount "63"]
[EventDate "2017.??.??"]

1. e4 e5 2. Nf3 Nc6 3. d4 Bb4+ 4. c3 Bd6 5. Bc4 Nf6 6. Bg5 h6 7. Bh4 g5 8. Bg3
Nxe4 9. Bxe5 Rf8 10. Nbd2 Nxd2 11. Nxd2 Nxe5 12. dxe5 Bxe5 13. O-O d5 14. Bb3
Be6 15. Re1 Qd6 16. Nf3 f6 17. Nxe5 fxe5 18. Qh5+ Bf7 19. Qe2 e4 20. Rad1 O-O-O
21. c4 Qe5 22. cxd5 Bxd5 23. Bxd5 Rxd5 24. Rxd5 Qxd5 25. Qxe4 Qxe4 26. Rxe4 Rd8
27. Kf1 Rd2 28. Re2 Rd1+ 29. Re1 Rd2 30. Re2 Rd1+ 31. Re1 Rd2 32. Re2 1/2-1/2

[Event "III Liga KPZSzach - Sezon 2016/2017"]
[Site "Wojewodztwo Kujawsko-Pomorskie"]
[Date "2017.??.??"]
[Round "4.21"]
[White "Grabarczyk, Sylwester"]
[Black "Zolnierowicz, Krzysztof"]
[Result "0-1"]
[WhiteElo "1799"]
[BlackElo "2030"]
[PlyCount "50"]
[EventDate "2017.??.??"]

1. e4 d5 2. Nc3 e6 3. d3 Nf6 4. e5 Nfd7 5. Nf3 a6 6. g4 c5 7. Qe2 Nc6 8. Bg2
Qc7 9. Bf4 Nd4 10. Nxd4 cxd4 11. Nd1 f6 12. O-O fxe5 13. Bg3 Bd6 14. c3 dxc3
15. Nxc3 O-O 16. Rac1 Qb8 17. g5 Rf7 18. Qh5 Nf8 19. Bh3 Bd7 20. Ne2 Ng6 21.
Bg4 Qd8 22. Nd4 Qe7 23. Ne2 Raf8 24. h3 Bb5 25. Rfd1 e4 {zapis bardzo
nieczytelny} 0-1

[Event "III Liga KPZSzach - Sezon 2016/2017"]
[Site "Wojewodztwo Kujawsko-Pomorskie"]
[Date "2017.??.??"]
[Round "4.22"]
[White "Cwik, Jakub"]
[Black "Hetmanski, Waldemar"]
[Result "1-0"]
[WhiteElo "1837"]
[BlackElo "1852"]
[PlyCount "55"]
[EventDate "2017.??.??"]

1. e4 Nf6 2. e5 Nd5 3. d4 d6 4. c4 Nb6 5. exd6 exd6 6. Nc3 Nc6 7. Nf3 Bg4 8.
Be2 Bxf3 9. Bxf3 Be7 10. O-O O-O 11. b3 Bf6 12. Be3 g6 13. Rc1 Re8 14. Re1 Bg5
15. Bxc6 bxc6 16. Qf3 Bxe3 17. Rxe3 Rxe3 18. fxe3 d5 19. cxd5 cxd5 20. Nb5 Rc8
21. Nxa7 Ra8 22. Nc6 Qd6 23. a4 Re8 24. Ne5 Rxe5 25. dxe5 Qxe5 26. Qf4 Qb2 27.
Rxc7 f6 28. h3 1-0

[Event "III Liga KPZSzach - Sezon 2016/2017"]
[Site "Wojewodztwo Kujawsko-Pomorskie"]
[Date "2017.??.??"]
[Round "4.23"]
[White "Tabaczka, Jerzy"]
[Black "Rogulski, Sebastian"]
[Result "1/2-1/2"]
[WhiteElo "1729"]
[BlackElo "1539"]
[PlyCount "83"]
[EventDate "2017.??.??"]

1. c4 Nf6 2. g3 g6 3. Nc3 Bg7 4. Bg2 d6 5. e3 c5 6. Nge2 a6 7. O-O Qc7 8. b3
Bd7 9. d4 O-O 10. Bb2 e6 11. Qd2 Bc6 12. e4 b6 13. d5 exd5 14. Nxd5 Bxd5 15.
cxd5 Re8 16. e5 Nfd7 17. e6 Nf6 18. Nf4 Ra7 19. exf7+ Qxf7 20. Bh3 Ne4 21. Qc2
Ng5 22. Be6 Nxe6 23. dxe6 Qe7 24. Rfe1 Nc6 25. Nd5 Qf8 26. Bxg7 Qxg7 27. Qe4
Nd4 28. Nxb6 Rae7 29. Qd5 Nc2 30. Rac1 Nxe1 31. Rxe1 Qd4 32. Qxd4 cxd4 33. Rd1
Rxe6 34. Rxd4 Kf7 35. Nd5 Re4 36. Rd3 Rc8 37. Nb6 Rc6 38. Nd5 Ke6 39. Nf4+ Kd7
40. Nd5 Re1+ 41. Kg2 Ke6 42. Nf4+ 1/2-1/2

[Event "III Liga KPZSzach - Sezon 2016/2017"]
[Site "Wojewodztwo Kujawsko-Pomorskie"]
[Date "2017.??.??"]
[Round "4.24"]
[White "Bultrowicz, Leszek"]
[Black "Szalek, Jakub"]
[Result "1-0"]
[WhiteElo "1503"]
[BlackElo "1391"]
[PlyCount "107"]
[EventDate "2017.??.??"]

1. c4 Nf6 2. Nc3 e6 3. g3 c6 4. e4 d6 5. Bg2 e5 6. Nge2 Be7 7. O-O O-O 8. d4 h6
9. f4 exd4 10. Nxd4 Bg4 11. Nf3 Nbd7 12. h3 Bxf3 13. Bxf3 Nh7 14. Kg2 Qc7 15.
Qe2 Rae8 16. Be3 a6 17. Rad1 f5 18. exf5 Rxf5 19. Bg4 Rff8 20. Be6+ Kh8 21. b4
Bf6 22. Bxd7 Qxd7 23. Qd3 Bxc3 24. Qxc3 Nf6 25. Qd3 d5 26. Bc5 Rf7 27. Qg6 Re2+
28. Kf3 Qe6 29. cxd5 Nxd5 30. Qxe6 Rxe6 31. Rfe1 Rxe1 32. Rxe1 Rd7 33. Re8+ Kh7
34. g4 Rf7 35. f5 g6 36. Bd4 gxf5 37. Rh8+ Kg6 38. h4 fxg4+ 39. Kg2 Nxb4 40.
Kg3 Nd5 41. Rg8+ Kh5 42. Rxg4 b6 43. Re4 Kg6 44. Re6+ Kf5 45. Rxc6 Ke4 46. Bxb6
Rg7+ 47. Kh2 Kf3 48. a3 Rg4 49. Bd8 h5 50. Rxa6 Nf4 51. Rb6 Rg2+ 52. Kh1 Rg3
53. Rb3+ Kf2 54. Rxg3 1-0

[Event "III Liga KPZSzach - Sezon 2016/2017"]
[Site "Wojewodztwo Kujawsko-Pomorskie"]
[Date "2017.??.??"]
[Round "4.25"]
[White "Bieniek, Daria"]
[Black "Pyzewska, Ewelina"]
[Result "0-1"]
[WhiteElo "1194"]
[BlackElo "1321"]
[PlyCount "94"]
[EventDate "2017.??.??"]

1. e4 d5 2. exd5 Qxd5 3. Nc3 Qd6 4. Nf3 a6 5. Bc4 b5 6. Bb3 Bb7 7. d3 c5 8. a3
g6 9. Qe2 Bg7 10. O-O Nf6 11. Be3 O-O 12. Rad1 Ng4 13. h3 Bxf3 14. hxg4 Bxe2
15. Nxe2 Nd7 16. Ng3 Bxb2 17. a4 Bd4 18. Ne4 Qe5 19. Bd2 c4 20. Ba2 cxd3 21.
cxd3 Rfc8 22. Rfe1 Qg7 23. Rb1 bxa4 24. Rb7 Ra7 25. Rb4 e6 26. Nd6 Rc2 27. Ne8
Qf8 28. Rxd4 Qxe8 29. Be3 Rxa2 30. Rc1 Qe7 31. Rc8+ Kg7 32. Rdc4 Ra1+ 33. Rc1
Rxc1+ 34. Rxc1 Qd6 35. Bxa7 a3 36. Ra1 Qxd3 37. Be3 Ne5 38. Bc5 Nc4 39. g3 f5
40. gxf5 gxf5 41. Kh2 e5 42. Kh3 Qc3 43. Rd1 Kf6 44. Kh4 a2 45. Rd8 a1=R 46.
Rf8+ Kg7 47. Kg5 Qf3 0-1